LEADER 00995nam0-2200337---450- 001 990000457770203316 035 $a0045777 035 $aUSA010045777 035 $a(ALEPH)000045777USA01 035 $a0045777 100 $a20010521d2001----km-y0itay0103----ba 101 $aita 102 $aIT 105 $a||||||||001yy 200 1 $a<> nota gradevole$estoria del profumo$fLuigi Cristiano$gintroduzione di Gianni De Martino 210 $aMilano$cStudio$dcopyr. 2001 215 $a207 p.$d23 cm 606 0 $aProfumi 676 $a391.63 700 1$aCRISTIANO,$bLuigi$0545210 801 0$aIT$bsalbc$gISBD 912 $a990000457770203316 951 $a391.63 CRI(B)$b2701 Farm.$c391.63$d00073648 951 $a391.63 CRI(A)$b2700 Farm.$c391.63$d00073649 959 $aBK 969 $aFAR 979 $aALESSANDRA$b40$c20010521$lUSA01$h1333 979 $c20020403$lUSA01$h1654 979 $aPATRY$b90$c20040406$lUSA01$h1632 996 $aNota gradevole$9889744 997 $aUNISA LEADER 00982nam0-2200337li-450 001 990000148150203316 005 20180312154911.0 010 $a88-386-0636-6 035 $a0014815 035 $aUSA010014815 035 $a(ALEPH)000014815USA01 035 $a0014815 100 $a20001109d1988----km-y0itay0103----ba 101 0 $aita 102 $aIT 200 1 $aElenenti di informatica$fDino Mandrioli 210 $aMilano$cMcGraw-Hill Libri Italia,copyr. 1988 610 1 $ainformatica 676 $a004.$9Informatica Scienza degli elaboratori 700 1$aMandrioli,$bDino$08757 801 $aSistema bibliotecario di Ateneo dell' Università di Salerno$gRICA 912 $a990000148150203316 951 $a004 MAN (B)$b0005555 959 $aBK 969 $aTEC 979 $c19950210 979 $c20001110$lUSA01$h1712 979 $c20020403$lUSA01$h1622 979 $aPATRY$b90$c20040406$lUSA01$h1611 996 $aElenenti di informatica$91501353 997 $aUNISA LEADER 01651nas 2200397 n 450 001 990008946290403321 005 20240229084245.0 011 $a0010-9312 035 $a000894629 035 $aFED01000894629 035 $a(Aleph)000894629FED01 035 $a000894629 091 $2CNR$aP 00010478 100 $a20161109a19459999km-y0itaa50------ba 101 0 $aeng 102 $aUS 110 $aauu-------- 200 1 $aCorrosion 207 1$a1945- 210 $aHouston$cNational Association of Corrosion Engineers 326 $aMensile 452 0$12001$aCorrosion (Houston, Tex.) 530 0 $aCorrosion 675 $a620.19 676 $a620.1122 712 02$aNational Association of Corrosion Engineers 801 0$aIT$bACNP$c20090723 859 4 $uhttp://acnp.cib.unibo.it/cgi-ser/start/it/cnr/dc-p1.tcl?catno=4817&person=false&language=ITALIANO&libr=&libr_th=unina1$zBiblioteche che possiedono il periodico 901 $aSE 912 $a990008946290403321 958 $aBiblioteca. Dipartimento di Ingegneria dei Materiali e della Produzione dell'Università Federico II$b1945-1946;1948-1968;1976-2002;2004-2005;$c1986;1987;1988;1993;1997;$eC$fDINMP 959 $aDINMP 996 $aCorrosion$9107835 997 $aUNINA AP1 8 $6866-01$aNA105 Biblioteca. Dipartimento di Ingegneria dei Materiali e della Produzione dell'Università Federico II$bC$ep.le Tecchio,80, 80125 Napoli (NA)$m081 7682595$m081 7682595$nit AP2 40$aacnp.cib.unibo.it$nACNP Italian Union Catalogue of Serials$uhttp://acnp.cib.unibo.it/cgi-ser/start/it/cnr/df-p.tcl?catno=4817&language=ITALIANO&libr=&person=&B=1&libr_th=unina&proposto=NO